Eléments chimique grâce aux acronymes #1 - Statistiques

Statistiques générales
  • Ce quiz a été pris 63 fois
  • Le résultat moyen est 12 sur 29
Statistiques - réponses
Acronymes Réponses % Correct
H Hydrogène
100%
Mg Magnésium
96%
F Fluor
80%
Au Or
78%
Al Aluminium
75%
Ar Argon
71%
Br Brome
69%
Ti Titane
67%
Ga Gallium
60%
Fr Francium
42%
Zr Zirconium
42%
Pd Palladium
38%
In Indium
35%
Cs Césium
31%
Rb Rubidium
31%
Th Thorium
29%
Os Osmium
27%
Rn Radon
27%
Bi Bismuth
25%
Er Erbium
24%
Sb Antimoine
18%
Lu Lutécium
18%
Tc technétium
15%
Cm Curium
13%
Nd Néodyme
13%
Fl Flérovium
11%
Rg Roentgenium
11%
Sg Seaborgium
11%
Ho Holmium
9%
Aucun quiz correspondant
Distribution des résultats
% des personnes avec chaque résultat
Percentile par nombre de réponses
Votre historique - résultats
Vous n’avez pas pris ce quiz